Characters Alphabetically - Statistics

General Stats
  • This quiz has been taken 17 times
  • The average score is 19 of 26
Answer Stats
Picture Answer % Correct
Cookie monster
92%
Dory
92%
Kirby
92%
Alice
85%
Baloo
85%
Goofy
85%
Hercules
85%
Mufasa
85%
Nala
85%
Olaf
85%
Snoopy
85%
Ursula
85%
Wario
85%
Eeyore
69%
Lilo
69%
Pumbaa
69%
Quasimodo
69%
Remy
69%
Tigger
69%
Yoshi
69%
Frozone
62%
Jiminy Cricket
54%
Violet
54%
Zazu
54%
Ivysaur
31%
Xatu
31%
No matching quizzes found
Score Distribution
Percent of People with Each Score
Percentile by Number Answered
Your Score History
You have not taken this quiz